| 000 | 00592nam a2200205Ii 4500 | ||
|---|---|---|---|
| 003 | JO-AjNU | ||
| 008 | 230606s9999||||xx |||||||||||||| ||und|| | ||
| 020 | _a0-81-259-0789-0 | ||
| 040 |
_aJO-AjNU _beng _erda _cJO-AjNU |
||
| 041 | _aeng | ||
| 050 | 1 | 4 | _aT58.5.L46.1999 |
| 100 | 3 |
_aLeon,Alexis/Leon,Mathws, _eauthor _91137 |
|
| 245 | 0 | 0 | _afundamentals of Information technology |
| 264 | 3 | 1 | _aNewDELHI:LEON VIKAS,1999 |
| 300 | _a365p | ||
| 336 |
_atext _btxt _2rdacontent |
||
| 337 |
_aunmediated _bn _2rdamedia |
||
| 338 |
_avolume _bnc _2rdacarrier |
||
| 650 | 4 |
_ainformation technology _91138 |
|
| 999 |
_aE595 _c595 _d595 |
||